Faktor Penentu Niat Kepatuhan Cukai Jualan Tempatan / (Record no. 4447)

000 -LEADER
fixed length control field nam a22 a 4500
005 - DATE AND TIME OF LATEST TRANSACTION
control field 20170530101344.0
008 - FIXED-LENGTH DATA ELEMENTS--GENERAL INFORMATION
fixed length control field 170530b2012 my ||||| |||| 00| 0 may d
040 ## - CATALOGING SOURCE
Original cataloging agency AKMAL
082 ## - DEWEY DECIMAL CLASSIFICATION NUMBER
Classification number 352.44595 SHA
090 ## - LOCALLY ASSIGNED LC-TYPE CALL NUMBER (OCLC); LOCAL CALL NUMBER (RLIN)
Classification number (OCLC) (R) ; Classification number, CALL (RLIN) (NR) 352.44595
Local cutter number (OCLC) ; Book number/undivided call number, CALL (RLIN) SHA
100 ## - MAIN ENTRY--PERSONAL NAME
Personal name Shalihen bin Mohd Salleh
9 (RLIN) 8622
245 ## - TITLE STATEMENT
Title Faktor Penentu Niat Kepatuhan Cukai Jualan Tempatan /
Statement of responsibility, etc. Shalihen bin Mohd Salleh
260 ## - PUBLICATION, DISTRIBUTION, ETC.
Place of publication, distribution, etc. Malaysia
Date of publication, distribution, etc. 2012
300 ## - PHYSICAL DESCRIPTION
Extent 295 ms.
Dimensions cm
942 ## - ADDED ENTRY ELEMENTS (KOHA)
Source of classification or shelving scheme
Koha item type Book
Holdings
Withdrawn status Lost status Source of classification or shelving scheme Damaged status Not for loan Collection code Home library Current library Shelving location Date acquired Inventory number Total Checkouts Full call number Barcode Date last seen Price effective from Koha item type
          NON-FICTION AKMAL Melaka AKMAL Melaka RUJUKAN 30.05.2017 000019   352.44595 SHA 201706964 30.05.2017 30.05.2017 Book
Pusat Sumber Maklumat Dato' Haji Sarmin Md Hussin, Akademi Kastam Diraja Malaysia, Melaka
Tel: 06-2331106 | Faks: 06-2313787